000 00363 a2200145 4500
005 20250411161027.0
020 _a0-13-00-1693-4
082 _a657 SYM
100 _aSYME, G. E.
245 _aAccounting 1
250 _a3rd Ed.
260 _aCanada,
_bprentice- Hall canada Inc,
_c1982.
300 _axxi,654p.: Ill.;figures& table
_bIndex
_c25cm.
942 _2ddc
_cBKS
999 _c1326
_d1326